DAFTAR ejaan rumi Bahasa Malaysia

Bibliographic Details
Format: Book
Published: Kuala Lumpur : DBP , 1988
Edition:2nd ed.
Subjects:

MARC

LEADER 00000cam a2200000 7i4500
001 0000000738
005 20000927.0
020 0 0 |a MR9836200282 
090 0 0 |a 499.2381   |b DAF 1988 
245 0 0 |a DAFTAR ejaan rumi Bahasa Malaysia 
250 0 0 |a 2nd ed. 
260 0 0 |a Kuala Lumpur :   |b DBP ,   |c 1988 
300 |a 401 p. ;   |c 22 cm. 
650 0 0 |a Bahasa Malaysia   |x Orthography and spelling 
650 0 0 |a Malay language   |x Orthography and spelling 
999 |a 0000000005   |b Monograph   |c Reference   |e Default branch